000 00436nam a22001697a 4500
003 MPLRDC
005 20220104114226.0
008 210129b ||||| |||| 00| 0 eng d
082 _a857.49 ZZM
100 _a周中明
245 _a红楼梦的语言艺术
_c
250 _a一版二刷
260 _a
_b滴江出版社
_c1986
300 _b
650 _a话本小说及章回--红楼梦研究与评论
942 _cBK
_o857.49 ZZM
999 _c5811
_d5801